01610nam a22002177a 450000500170000000800410001702000180005804000070007604100080008308200210009110000240011224500280013626000350016430000260019936500620022552008820028765000280116994200120119799900190120995201640122820220427121527.0211115b ||||| |||| 00| 0 eng d a9788195131792 cAL aeng 223a820.33bMISK aKevin Missal910391 aKarnabThe king of anga aLondonbSimon & Schusterc2021 a523p.bPBc19.5x13cm. 2Generala2795b₹280.00c₹d₹350.00e20%f18-10-2021 aBorn in the arms of the Ganga, Vasu grew up in the raging province of Anga. His life shaped by a fate that failed to be just—neglected by his own, stripped of his birthright—he was raised to be lost in an abyss of desires and disappointment. Cursed by his guru, hurt by the only woman he loved, ostracised from society for being the son of a suta. With his only armour—hope—he ventured on an unforgettable journey. Alone. This is Vasu’s tale of survival, of endurance, of abiding courage in the face of all adversities. And eventually, of blossoming into the greatest warrior of all time… KARNA. In an ultimate battle against his archenemy—the insidious, dishonourable and all-powerful, Jarasandha, for a title he knew he deserved. From a sutaputr to a leader of the people, this is a saga of betrayal, lost love, and glory. This is the story of the King of Anga. 2FictionaFiction910392 2ddccBK c220586d220586 00102ddc40708MAENGaSACPGbSACPGd2021-10-27eBiblios Book Pointg280.00l2o820.33 MISKpPG023467r2025-07-26 10:55:26s2025-07-18v350.00w2021-11-15yBK